<?xml version="1.0" encoding="UTF-8"?>
<record
    xmlns:xsi="http://www.w3.org/2001/XMLSchema-instance"
    xsi:schemaLocation="http://www.loc.gov/MARC21/slim http://www.loc.gov/standards/marcxml/schema/MARC21slim.xsd"
    xmlns="http://www.loc.gov/MARC21/slim">

  <leader>01517namaa22003251i 4500</leader>
  <controlfield tag="005">20260405131050.0</controlfield>
  <controlfield tag="008">260112s1997    ua a|||frm||| 000 0 eng d</controlfield>
  <datafield tag="040" ind1=" " ind2=" ">
    <subfield code="a">EG-GICUC</subfield>
    <subfield code="b">eng</subfield>
    <subfield code="c">EG-GICUC</subfield>
    <subfield code="d">EG-GICUC</subfield>
    <subfield code="e">rda</subfield>
  </datafield>
  <datafield tag="041" ind1="0" ind2=" ">
    <subfield code="a">spa</subfield>
    <subfield code="b">spa</subfield>
    <subfield code="b">eng</subfield>
  </datafield>
  <datafield tag="049" ind1=" " ind2=" ">
    <subfield code="a">Deposit</subfield>
  </datafield>
  <datafield tag="097" ind1=" " ind2=" ">
    <subfield code="a">M.A</subfield>
  </datafield>
  <datafield tag="099" ind1=" " ind2=" ">
    <subfield code="a">Cai01.02.16.M.A.1997.Ab.A.</subfield>
  </datafield>
  <datafield tag="100" ind1="0" ind2=" ">
    <subfield code="a">Abir Mohmmad Abdel Hafez,</subfield>
    <subfield code="e">preparation.</subfield>
  </datafield>
  <datafield tag="245" ind1="1" ind2="0">
    <subfield code="a">El Autobiografismo En La Narracion De Isabel Allende En Su Obra: </subfield>
    <subfield code="b">La Casa De Los Espiritus / </subfield>
    <subfield code="c">By Abir Mohmmad Abdel Hafez; Supervision Prof. Dr. Mahmoud EL Sayed Ali, Prof. Dr. Mohammad Abol Ata Abdel Rauf. </subfield>
  </datafield>
  <datafield tag="246" ind1="1" ind2="5">
    <subfield code="a">&#x638;&#x627;&#x647;&#x631;&#x629; &#x627;&#x644;&#x633;&#x64A;&#x631;&#x629; &#x627;&#x644;&#x630;&#x627;&#x62A;&#x64A;&#x629; &#x641;&#x64A; &#x627;&#x644;&#x633;&#x631;&#x62F; &#x639;&#x646;&#x62F; &#x625;&#x64A;&#x632;&#x627;&#x628;&#x64A;&#x644; &#x623;&#x644;&#x64A;&#x646;&#x62F;&#x64A; :</subfield>
    <subfield code="b">&#x641;&#x64A; &#x631;&#x648;&#x627;&#x64A;&#x647; &#x645;&#x646;&#x632;&#x644; &#x627;&#x644;&#x623;&#x631;&#x648;&#x627;&#x62D; /</subfield>
  </datafield>
  <datafield tag="246" ind1="1" ind2="5">
    <subfield code="a">Autobiographical Elements in Isabel Allende's Narrative in Her Work : </subfield>
    <subfield code="b">The House of the Spirits /</subfield>
  </datafield>
  <datafield tag="264" ind1=" " ind2="0">
    <subfield code="c">1997.</subfield>
  </datafield>
  <datafield tag="300" ind1=" " ind2=" ">
    <subfield code="a">213 pages : </subfield>
    <subfield code="b">illustrations ; </subfield>
    <subfield code="c">25 cm. + </subfield>
  </datafield>
  <datafield tag="336" ind1=" " ind2=" ">
    <subfield code="2">rda content</subfield>
    <subfield code="a">text</subfield>
  </datafield>
  <datafield tag="337" ind1=" " ind2=" ">
    <subfield code="2">rdamedia</subfield>
    <subfield code="a">Unmediated</subfield>
  </datafield>
  <datafield tag="338" ind1=" " ind2=" ">
    <subfield code="2">rdacarrier</subfield>
    <subfield code="a">volume</subfield>
  </datafield>
  <datafield tag="502" ind1=" " ind2=" ">
    <subfield code="a">Thesis (M.A.)-Cairo University, 1997.</subfield>
  </datafield>
  <datafield tag="504" ind1=" " ind2=" ">
    <subfield code="a">Bibliography: pages 211-213. </subfield>
  </datafield>
  <datafield tag="653" ind1=" " ind2="0">
    <subfield code="a">Novels </subfield>
  </datafield>
  <datafield tag="700" ind1="0" ind2=" ">
    <subfield code="a">Mahmoud EL Sayed Ali</subfield>
    <subfield code="e">thesis advisor.</subfield>
  </datafield>
  <datafield tag="700" ind1="0" ind2=" ">
    <subfield code="a">Mohammad Abol Ata Abdel Rauf</subfield>
    <subfield code="e">Reviewer.</subfield>
  </datafield>
  <datafield tag="900" ind1=" " ind2=" ">
    <subfield code="D">Department Of Hispanic Language and Literature / Spanish</subfield>
    <subfield code="F">Faculty of Arts</subfield>
    <subfield code="U">Cairo University</subfield>
    <subfield code="b">1997</subfield>
    <subfield code="c">Mahmoud EL Sayed Ali</subfield>
    <subfield code="c">Mohammad Abol Ata Abdel Rauf</subfield>
  </datafield>
  <datafield tag="905" ind1=" " ind2=" ">
    <subfield code="a">Eman El gebaly </subfield>
    <subfield code="e">Nourhan</subfield>
  </datafield>
  <datafield tag="942" ind1=" " ind2=" ">
    <subfield code="2">ddc</subfield>
    <subfield code="c">TH</subfield>
    <subfield code="e">21</subfield>
    <subfield code="n">0</subfield>
  </datafield>
  <datafield tag="999" ind1=" " ind2=" ">
    <subfield code="c">177607</subfield>
  </datafield>
  <datafield tag="952" ind1=" " ind2=" ">
    <subfield code="2">ddc</subfield>
    <subfield code="9">313557</subfield>
    <subfield code="a">CUCL</subfield>
    <subfield code="b">100</subfield>
    <subfield code="d">2026-01-12</subfield>
    <subfield code="i">30712</subfield>
    <subfield code="o">Cai01.02.16.M.A.1997.Ab.A.</subfield>
    <subfield code="p">01010110030712000</subfield>
    <subfield code="r">2026-01-12 10:48:16</subfield>
    <subfield code="w">2026-01-12</subfield>
    <subfield code="y">TH</subfield>
  </datafield>
</record>
